Vyjednávání v angličtině : profesionálně a působivě /

Main Author: Lowe, Susan
Other Authors: Pile, Louise
Language: Czech
English
Published: Brno : Computer Press, 2009
Edition: Vyd. 1.
Series: Jazyky (Computer Press). Pro firmy
Subjects:
Online Access: Digitalizovaný dokument
Physical Description: 80 s. : il. ; 23 cm + 1 CD
Book
Saved in:
LEADER 02374cam a2200589 a 4500
001 nkc20091855095
003 CZ PrNK
005 20090612144032.0
007 ta
008 090217s2009 xr a e p 000 0 cze d
015 |a cnb001855095 
020 |a 978-80-251-2297-6  |q (brož.) 
035 |a (OCoLC)320226916 
040 |a KLG001  |b cze  |d BOA001  |d ABA001 
041 1 |a cze  |a eng  |h eng 
072 7 |a 811.111  |x Angličtina  |2 Konspekt  |9 11 
072 7 |a 37.016  |x Učební osnovy. Vyučovací předměty. Učebnice  |2 Konspekt  |9 22 
080 |a 811.111  |2 MRF 
080 |a 316.776  |2 MRF 
080 |a 81'373.46  |2 MRF 
080 |a 81'24'373.46  |2 MRF 
080 |a (075)  |2 MRF 
100 1 |a Lowe, Susan  |7 pna2006370677  |4 aut 
245 1 0 |a Vyjednávání v angličtině :  |b profesionálně a působivě /  |c Susan Lowe, Louise Pile ; [překlad Jitka Brožová] 
246 1 4 |a Vyjednávání v angličtině profesionálně a úspěšně 
250 |a Vyd. 1. 
260 |a Brno :  |b Computer Press,  |c 2009 
300 |a 80 s. :  |b il. ;  |c 23 cm +  |e 1 CD 
490 1 |a Jazyky. Pro firmy 
500 |a Přeloženo z angličtiny 
500 |a Obálkový podnázev: zahájení jednání, vyjednávací strategie, předložení návrhů, uzavření dohody 
650 0 7 |a angličtina  |7 ph114056  |2 czenas 
650 0 7 |a obchodní komunikace  |7 ph123556  |2 czenas 
650 0 7 |a vyjednávání  |7 ph127270  |2 czenas 
650 0 7 |a oborová terminologie  |7 ph138998  |2 czenas 
650 0 7 |a oborová konverzace  |7 ph166080  |2 czenas 
650 0 9 |a English language  |2 eczenas 
650 0 9 |a communication in business  |2 eczenas 
650 0 9 |a negotiation  |2 eczenas 
650 0 9 |a terminology (professional)  |2 eczenas 
650 0 9 |a conversation, terms and phrases (professional)  |2 eczenas 
655 7 |a učebnice  |7 fd133770  |2 czenas 
655 9 |a textbooks  |2 eczenas 
700 1 |a Pile, Louise  |7 pna2006370676  |4 aut 
830 0 |a Jazyky (Computer Press).  |p Pro firmy  |0 s 
856 4 1 |u http://www.digitalniknihovna.cz/mzk/uuid/uuid:7c6f5d50-b3e6-11e3-9d7d-005056827e51  |y Digitalizovaný dokument  |x NDK 
910 2 |a BOA001  |b 2-1218.649 
990 |a BK 
995 |a 01 
991 |b 200903  |c NOV 
996 6 |b 2610370360  |c 2-1218.649  |l MZK  |r Sklad / do 1 hodiny  |n 1  |p p.v.  |w 000932036  |u 000010  |a 1  |e BOA001  |j MZK50  |s P 
996 7 |b 2610370361  |c 2-1218.649  |l MZK  |r Sklad / do 1 hodiny  |n 19  |p p.v.  |w 000932036  |u 000020  |a 1  |e BOA001  |j MZK50  |s A